[Event "Budapest Vezerkepzo IM 03"]
[Site "Budapest"]
[Date "2023.03.19"]
[Round "4"]
[White "Erdos, Boglarka"]
[Black "Karamsetty, Jeevan"]
[Result "0-1"]
[WhiteElo "2139"]
[BlackElo "2206"]
[PlyCount "70"]
[EventDate "2023.03.16"]
[EventType "swiss"]
[EventRounds "10"]
[EventCountry "HUN"]
[SourceTitle "CBM 213 Extra"]
[Source "ChessBase"]
[SourceDate "2023.05.31"]
[SourceVersion "1"]
[SourceVersionDate "2023.05.31"]
[SourceQuality "1"]

1. e4 g6 2. d4 Bg7 3. Nc3 d6 4. Be3 a6 5. Qd2 b5 6. f3 Bb7 7. g4 h5 8. gxh5 Rxh5 9. 0-0-0 Nd7 10. Nge2 b4 11. Nb1 Rb8 12. Ng3 Ra5 13. Bc4 c5 14. Nh5 Bh8 15. Qg2 cxd4 16. Nf4 Ne5 17. Bxd4 Nxc4 18. Bxh8 Ne3 19. Qh3 Qc8 20. Qxc8+ Rxc8 21. Rd2 Rxa2 22. Re2 Nc4 23. Nd3 f6 24. Nxb4 Rxb2 25. Nd3 Rb5 26. Nf4 Kf7 27. Rg1 Ne5 28. Reg2 g5 29. Nh5 Nxf3 30. Rf1 Bxe4 31. Ng3 d5 32. Nxe4 dxe4 33. Nd2 Nxd2 34. Kxd2 Nh6 35. h4 g4 0-1

[Event "Budapest Vezerkepzo IM 03"]
[Site "Budapest"]
[Date "2023.03.17"]
[Round "2"]
[White "Gandhi, Anish"]
[Black "Erdos, Boglarka"]
[Result "1-0"]
[WhiteElo "2187"]
[BlackElo "2139"]
[PlyCount "93"]
[EventDate "2023.03.16"]
[EventType "swiss"]
[EventRounds "10"]
[EventCountry "HUN"]
[SourceTitle "CBM 213 Extra"]
[Source "ChessBase"]
[SourceDate "2023.05.31"]
[SourceVersion "1"]
[SourceVersionDate "2023.05.31"]
[SourceQuality "1"]

1. e4 e5 2. Nf3 Nc6 3. Bb5 a6 4. Ba4 Nf6 5. 0-0 Be7 6. d3 b5 7. Bb3 d6 8. c3 0-0 9. a4 b4 10. a5 d5 11. Nbd2 Rb8 12. Qc2 bxc3 13. bxc3 d4 14. Ba3 Bxa3 15. Rxa3 Qe7 16. Rfa1 Be6 17. cxd4 Nxd4 18. Nxd4 exd4 19. h3 Rb5 20. Bc4 Bxc4 21. Qxc4 c5 22. Rb3 Rfb8 23. Rab1 Qd7 24. Rxb5 Rxb5 25. Rxb5 Qxb5 26. Qxb5 axb5 27. a6 Nd7 28. a7 Nb6 29. Nb3 c4 30. dxc4 bxc4 31. Nxd4 Kf8 32. Kf1 Ke7 33. Ke2 Kd7 34. Nf5 Kc7 35. Nxg7 Kb7 36. Ne8 Kxa7 37. Nd6 f6 38. Ke3 Kb8 39. Kd4 Kc7 40. Ne8+ Kc6 41. Nxf6 Kb5 42. e5 Kb4 43. Ne4 Nc8 44. e6 Ne7 45. f4 Nf5+ 46. Ke5 Ng7 47. f5 1-0

[Event "HUN-chT 2223"]
[Site "Hungary"]
[Date "2023.02.12"]
[Round "5.11"]
[White "Szalay Ocsak, Bank"]
[Black "Erdos, Boglarka"]
[Result "1/2-1/2"]
[WhiteElo "2162"]
[BlackElo "2180"]
[PlyCount "90"]
[EventDate "2022.11.20"]
[EventType "team-tourn"]
[EventRounds "9"]
[EventCountry "HUN"]
[SourceTitle "CBM 213 Extra"]
[Source "ChessBase"]
[SourceDate "2023.05.31"]
[SourceVersion "1"]
[SourceVersionDate "2023.05.31"]
[SourceQuality "1"]
[WhiteTeam "Budapest MTK"]
[BlackTeam "Biatorbagy"]
[WhiteTeamCountry "HUN"]
[BlackTeamCountry "HUN"]

1. e4 e5 2. Nf3 Nc6 3. Bc4 Bc5 4. c3 Nf6 5. d4 exd4 6. e5 d5 7. Bb5 Ne4 8. cxd4 Bb6 9. Nc3 0-0 10. Be3 Bg4 11. h3 Bh5 12. Qc2 Bg6 13. Qb3 Ne7 14. 0-0 c6 15. Bd3 Nd2 16. Nxd2 Bxd3 17. Rfe1 Nf5 18. Na4 Bc4 19. Nxc4 dxc4 20. Qxc4 Bxd4 21. Bxd4 Qxd4 22. Qxd4 Nxd4 23. Rad1 Ne6 24. Rd7 b5 25. Nc3 Rfd8 26. Red1 Rxd7 27. Rxd7 Nc5 28. Rc7 Nd3 29. Rxc6 a6 30. b3 Nxe5 31. Rb6 f6 32. Ne4 Nd7 33. Rb7 Ne5 34. Rb6 Nd3 35. a4 bxa4 36. bxa4 a5 37. Rb5 Nb4 38. Nd6 Nc6 39. Nc4 Ra6 40. Rb7 Kf8 41. g4 Nd4 42. Kf1 Rc6 43. Nxa5 Ra6 44. Nb3 Nxb3 45. Rxb3 Rxa4 1/2-1/2

[Event "HUN-ch (Women) 70th"]
[Site "Budapest"]
[Date "2022.12.11"]
[Round "7"]
[White "Erdos, Boglarka"]
[Black "Juhasz, Barbara"]
[Result "1-0"]
[WhiteElo "2157"]
[BlackElo "2224"]
[PlyCount "67"]
[EventDate "2022.12.05"]
[EventType "tourn"]
[EventRounds "9"]
[EventCountry "HUN"]
[SourceTitle "CBM 211 Extra"]
[Source "ChessBase"]
[SourceDate "2023.01.31"]
[SourceVersion "1"]
[SourceVersionDate "2023.01.31"]
[SourceQuality "1"]

1. e4 c5 2. Nf3 Nc6 3. Bb5 Na5 4. 0-0 a6 5. Be2 e6 6. d4 cxd4 7. Nxd4 Qc7 8. Nc3 Nf6 9. a3 d6 10. Qd3 Bd7 11. b3 Rc8 12. Bd2 Nc6 13. Rae1 Be7 14. Nxc6 Bxc6 15. Bd1 0-0 16. Qg3 Rfd8 17. h4 Kh8 18. Kh1 b5 19. f3 Rd7 20. Na2 Bb7 21. Qf2 Qd8 22. g3 e5 23. Nb4 d5 24. exd5 Nxd5 25. Nd3 f6 26. h5 Nc3 27. Bxc3 Rxc3 28. h6 g6 29. Qe2 Qc7 30. Kg2 Bf8 31. Rh1 Rd4 32. Qf2 Bc5 33. Nxc5 Rxc5 34. Qxd4 1-0

[Event "HUN-ch (Women) 70th"]
[Site "Budapest"]
[Date "2022.12.07"]
[Round "3"]
[White "Erdos, Boglarka"]
[Black "Dudas, Eszter"]
[Result "1-0"]
[WhiteElo "2157"]
[BlackElo "2112"]
[PlyCount "91"]
[EventDate "2022.12.05"]
[EventType "tourn"]
[EventRounds "9"]
[EventCountry "HUN"]
[SourceTitle "CBM 211 Extra"]
[Source "ChessBase"]
[SourceDate "2023.01.31"]
[SourceVersion "1"]
[SourceVersionDate "2023.01.31"]
[SourceQuality "1"]

1. e4 e6 2. d4 d5 3. Nd2 Be7 4. Ngf3 Nf6 5. e5 Nfd7 6. Bd3 c5 7. c3 Nc6 8. 0-0 g5 9. Nb1 g4 10. Ne1 h5 11. Be3 Qb6 12. b3 Nf8 13. Nc2 Bd7 14. f3 g3 15. hxg3 0-0-0 16. Nd2 Kb8 17. f4 cxd4 18. cxd4 f5 19. exf6 Bxf6 20. Nf3 Be8 21. Bf2 Qc7 22. b4 Qg7 23. b5 Ne7 24. Ne5 Rg8 25. Qf3 h4 26. g4 Bxe5 27. dxe5 Qxg4 28. Qxg4 Rxg4 29. Be2 Rxf4 30. Bxa7+ Kxa7 31. Rxf4 Nfg6 32. Rf6 Nxe5 33. Rxe6 N7g6 34. b6+ Kb8 35. Nd4 Bd7 36. Rd6 Rg8 37. Rf1 h3 38. g3 Nh4 39. Kh2 Ng2 40. Rdf6 Ng6 41. Nf5 d4 42. Bh5 Bb5 43. Rf2 Ne3 44. Nxd4 Nf1+ 45. Rxf1 Bxf1 46. Rxf1 1-0

[Event "HUN-chT 2223"]
[Site "Hungary"]
[Date "2022.11.20"]
[Round "1.10"]
[White "Erdos, Boglarka"]
[Black "Varga, Zoltan"]
[Result "0-1"]
[WhiteElo "2180"]
[BlackElo "2377"]
[PlyCount "80"]
[EventDate "2022.11.20"]
[EventType "team-tourn"]
[EventRounds "9"]
[EventCountry "HUN"]
[SourceTitle "CBM 211 Extra"]
[Source "ChessBase"]
[SourceDate "2023.01.31"]
[SourceVersion "1"]
[SourceVersionDate "2023.01.31"]
[SourceQuality "1"]
[WhiteTeam "Biatorbagy"]
[BlackTeam "Ajka Sentimento"]
[WhiteTeamCountry "HUN"]
[BlackTeamCountry "HUN"]

1. e4 d6 2. Nf3 Nf6 3. Nc3 e5 4. d4 Nbd7 5. h3 Be7 6. Be3 c6 7. Qd2 b5 8. Bd3 Bb7 9. Ne2 a6 10. c3 0-0 11. Ng3 Re8 12. 0-0 Bf8 13. Rae1 Qa5 14. Bb1 Rad8 15. Nh2 exd4 16. cxd4 Qxd2 17. Bxd2 c5 18. d5 g6 19. Nf3 c4 20. a4 bxa4 21. Rc1 Rc8 22. Bb4 a5 23. Bxa5 Nc5 24. Bb4 Ncxe4 25. Nxe4 Nxe4 26. Bc2 Nc5 27. Rfd1 Nb3 28. Bxb3 cxb3 29. Nd4 Rxc1 30. Rxc1 Bxd5 31. Rd1 Bc4 32. Nc6 Rc8 33. Nd4 d5 34. Bc3 a3 35. bxa3 Bxa3 36. Rb1 Rb8 37. Nc6 Rb6 38. Ne5 b2 39. Nxc4 dxc4 40. Kf1 Rb3 0-1

[Event "Budapest Vezerkepzo IM 02"]
[Site "Budapest"]
[Date "2022.02.22"]
[Round "1"]
[White "Konyves, Almos"]
[Black "Erdos, Boglarka"]
[Result "1-0"]
[WhiteElo "2159"]
[BlackElo "2174"]
[PlyCount "43"]
[EventDate "2022.02.22"]
[EventType "tourn"]
[EventRounds "9"]
[EventCountry "HUN"]
[SourceTitle "CBM 207 Extra"]
[Source "ChessBase"]
[SourceDate "2022.05.31"]
[SourceVersion "1"]
[SourceVersionDate "2022.05.31"]
[SourceQuality "1"]

1. d4 Nf6 2. c4 g6 3. Nc3 d5 4. cxd5 Nxd5 5. Bd2 Bg7 6. e4 Nxc3 7. Bxc3 c5 8. d5 Bxc3+ 9. bxc3 Qa5 10. Qd2 Nd7 11. Nf3 Nf6 12. Bd3 0-0 13. 0-0 Qc7 14. h3 c4 15. Bc2 Nh5 16. e5 f6 17. Qh6 Ng7 18. e6 Nh5 19. g3 Qc5 20. Rfd1 b5 21. Rd4 Bb7 22. Bxg6 1-0

[Event "HUN-chT 1920"]
[Site "Hungary"]
[Date "2019.12.15"]
[Round "4.12"]
[White "Erdos, Boglarka"]
[Black "Kecskemeti, Arpad"]
[Result "1/2-1/2"]
[WhiteElo "2139"]
[BlackElo "2240"]
[PlyCount "37"]
[EventDate "2019.11.16"]
[EventType "team-tourn"]
[EventRounds "9"]
[EventCountry "HUN"]
[SourceTitle "CBM 193 Extra"]
[Source "ChessBase"]
[SourceDate "2020.01.31"]
[SourceVersion "1"]
[SourceVersionDate "2020.01.31"]
[SourceQuality "1"]
[WhiteTeam "DVTK"]
[BlackTeam "Mako Duocor"]
[WhiteTeamCountry "HUN"]
[BlackTeamCountry "HUN"]

1. b3 Nf6 2. Bb2 g6 3. Bxf6 exf6 4. c4 d5 5. cxd5 Qxd5 6. Nc3 Qa5 7. e3 c6 8. Nf3 Ba3 9. Qc2 0-0 10. Be2 Na6 11. 0-0 Nb4 12. Qb1 Bf5 13. e4 Bg4 14. d4 Rad8 15. Nd2 Be6 16. Nf3 Bg4 17. Nd2 Be6 18. Nf3 Bg4 19. Nd2 1/2-1/2

[Event "HUN-chT2 Maroczy 1819"]
[Site "Hungary"]
[Date "2019.03.10"]
[Round "9.9"]
[White "Terbe, Zsuzsanna"]
[Black "Erdos, Boglarka"]
[Result "0-1"]
[WhiteElo "2196"]
[BlackElo "2141"]
[PlyCount "96"]
[EventDate "2018.09.23"]
[EventType "team-tourn"]
[EventRounds "11"]
[EventCountry "HUN"]
[SourceTitle "EXT 2020"]
[Source "ChessBase"]
[SourceDate "2019.10.17"]
[SourceVersion "1"]
[SourceVersionDate "2019.10.17"]
[SourceQuality "1"]
[WhiteTeam "Szigetszentmiklos"]
[BlackTeam "Lillafured DVTK II"]
[WhiteTeamCountry "HUN"]
[BlackTeamCountry "HUN"]

1. Nf3 Nf6 2. g3 g6 3. Bg2 Bg7 4. d4 d5 5. c4 c6 6. cxd5 cxd5 7. Nc3 0-0 8. Ne5 Nc6 9. 0-0 Ng4 10. f4 Be6 11. Nf3 Nf6 12. h3 Ne4 13. Kh2 Rc8 14. Nxe4 dxe4 15. Ng5 Bc4 16. Nxe4 Nxd4 17. Nc3 b5 18. Be3 b4 19. Bxd4 Bxd4 20. Na4 e5 21. f5 Qg5 22. f6 Rfd8 23. Qe1 a5 24. h4 Qh6 25. Bb7 Rb8 26. Be4 Be3 27. Rd1 Bxa2 28. Bc2 Be6 29. b3 Qh5 30. Rf3 Bd4 31. Rfd3 Bf5 32. R3d2 Rdc8 33. Bxf5 Qxf5 34. e3 Bc3 35. Nxc3 bxc3 36. Rf2 Qe4 37. Rc1 Rxb3 38. Qd1 Rbb8 39. Qe1 Qd3 40. Rfc2 Rb3 41. Rd2 Qa6 42. Rf2 a4 43. e4 Rb2 44. Kh3 Rxf2 45. Qxf2 Qd3 46. Qe1 h5 47. Ra1 Rb8 48. Rxa4 Qd7+ 0-1

[Event "HUN-ch (Women)"]
[Site "Budapest"]
[Date "2018.12.09"]
[Round "7"]
[White "Erdos, Boglarka"]
[Black "Terbe, Julianna"]
[Result "1-0"]
[WhiteElo "2137"]
[BlackElo "2272"]
[PlyCount "95"]
[EventDate "2018.12.03"]
[EventType "tourn"]
[EventRounds "9"]
[EventCountry "HUN"]
[SourceTitle "CBM 187 Extra"]
[Source "ChessBase"]
[SourceDate "2018.11.04"]
[SourceVersion "1"]
[SourceVersionDate "2018.11.04"]
[SourceQuality "1"]

1. b3 d5 2. Bb2 Bf5 3. Nf3 e6 4. e3 Nf6 5. Be2 h6 6. 0-0 Nbd7 7. c4 Bd6 8. d4 c6 9. Nbd2 0-0 10. c5 Bb8 11. b4 a6 12. a4 Re8 13. b5 e5 14. Nxe5 Nxe5 15. dxe5 Nd7 16. Nb3 Nxe5 17. Qd4 f6 18. Bc3 Nf7 19. Qd1 Qc7 20. g3 Ng5 21. Bd4 Bh3 22. Re1 Ne4 23. Bg4 Bxg4 24. Qxg4 Qf7 25. Reb1 h5 26. Qe2 axb5 27. axb5 Rxa1 28. Rxa1 h4 29. bxc6 bxc6 30. Qg4 hxg3 31. hxg3 f5 32. Qh3 Ng5 33. Qh1 Re6 34. Kg2 Rh6 35. Qd1 Qe6 36. Ra8 f4 37. Rxb8+ Kh7 38. Qd3+ Ne4 39. exf4 Qh3+ 40. Kf3 Qf5 41. Rb7 Rh1 42. Rxg7+ Kh6 43. Ke2 Qh5+ 44. g4 Ng3+ 45. Qxg3 Re1+ 46. Kd2 Re2+ 47. Kc3 Rc2+ 48. Kxc2 1-0

[Event "HUN-ch (Women)"]
[Site "Budapest"]
[Date "2018.12.04"]
[Round "2"]
[White "Erdos, Boglarka"]
[Black "Havanecz, Bianka"]
[Result "0-1"]
[WhiteElo "2137"]
[BlackElo "2247"]
[PlyCount "184"]
[EventDate "2018.12.03"]
[EventType "tourn"]
[EventRounds "9"]
[EventCountry "HUN"]
[SourceTitle "CBM 187 Extra"]
[Source "ChessBase"]
[SourceDate "2018.11.04"]
[SourceVersion "1"]
[SourceVersionDate "2018.11.04"]
[SourceQuality "1"]

1. Nf3 d5 2. g3 Nf6 3. Bg2 Bf5 4. c4 c6 5. 0-0 h6 6. d3 e6 7. cxd5 cxd5 8. Qb3 Qc8 9. Bf4 Nc6 10. Rc1 Qd7 11. Nc3 Be7 12. Nb5 0-0 13. Ne5 Nxe5 14. Bxe5 Ng4 15. Rc7 Qd8 16. Bf4 g5 17. Rxe7 Qxe7 18. Bd6 Qf6 19. Bxf8 Kxf8 20. h3 Ne5 21. Rc1 Nc6 22. e4 dxe4 23. dxe4 Bg6 24. Nd6 Rd8 25. Nc4 Nd4 26. Qe3 e5 27. Nd2 Qa6 28. Rc7 Ne6 29. Rc4 Rxd2 30. Rc8+ Rd8 31. Rxd8+ Nxd8 32. Qc5+ Kg7 33. Qxe5+ Qf6 34. Qc7 Qb6 35. Qe5+ Kh7 36. h4 Nc6 37. Qd5 Qd4 38. hxg5 Qxd5 39. exd5 Nd8 40. gxh6 Kxh6 41. Kf1 Kg5 42. Ke2 Kf6 43. Ke3 Ke7 44. Kd4 Kd6 45. g4 f5 46. gxf5 Bxf5 47. a3 Nf7 48. f4 Nh6 49. b4 Ng8 50. Bf3 Bc2 51. Kc3 Ba4 52. Kc4 Nf6 53. Bg2 b5+ 54. Kd4 Bb3 55. Bf1 a6 56. Bh3 Nxd5 57. Bc8 Nxf4 58. Bxa6 Ba4 59. Bc8 Ne6+ 60. Kc3 Ke5 61. Bd7 Nd4 62. Be8 Ke4 63. Bg6+ Ke3 64. Bh7 Ne2+ 65. Kb2 Kd4 66. Bg6 Nc3 67. Be8 Nd5 68. Bd7 Nb6 69. Be8 Nc4+ 70. Ka2 Kc3 71. Bd7 Bb3+ 72. Ka1 Nxa3 73. Be8 Bc4 74. Bd7 Nc2+ 75. Kb1 Nxb4 76. Bxb5 Bxb5 77. Ka1 Bc4 78. Kb1 Nc2 79. Kc1 Ba2 80. Kd1 Nd4 81. Kc1 Ne2+ 82. Kd1 Kd3 83. Ke1 Ke3 84. Kf1 Nf4 85. Ke1 Bb3 86. Kf1 Bc2 87. Kg1 Kf3 88. Kf1 Ng2 89. Kg1 Kg3 90. Kh1 Bd3 91. Kg1 Nf4 92. Kh1 Be2 0-1

[Event "HUN-chT2 Maroczy 1718"]
[Site "Hungary"]
[Date "2018.05.06"]
[Round "9.7"]
[White "Erdos, Boglarka"]
[Black "Tokovic, Svetozar"]
[Result "1-0"]
[WhiteElo "2125"]
[BlackElo "2246"]
[PlyCount "67"]
[EventDate "2017.10.29"]
[EventType "team-tourn"]
[EventRounds "9"]
[EventCountry "HUN"]
[SourceTitle "EXT 2021"]
[Source "ChessBase"]
[SourceDate "2020.10.23"]
[SourceVersion "1"]
[SourceVersionDate "2020.10.23"]
[SourceQuality "1"]
[WhiteTeam "Dunaharaszti II"]
[BlackTeam "Szeged Maroczy"]
[WhiteTeamCountry "HUN"]
[BlackTeamCountry "HUN"]

1. Nf3 Nf6 2. g3 e6 3. Bg2 d5 4. 0-0 Be7 5. c4 c6 6. cxd5 cxd5 7. d4 0-0 8. Nc3 Nc6 9. e3 b6 10. Qe2 Nb4 11. Bd2 Ne4 12. Nb5 Nxd2 13. Nxd2 Ba6 14. Rfc1 Qd7 15. Bf1 Rfc8 16. a3 Nc6 17. Rc2 Na5 18. Rac1 Nc4 19. Nxc4 dxc4 20. Nc3 Bb7 21. Qh5 a6 22. Rd1 g6 23. Qh6 b5 24. e4 a5 25. d5 Bf8 26. Qh3 b4 27. dxe6 Qxe6 28. axb4 axb4 29. Nd5 Ra6 30. Qh4 Bxd5 31. exd5 Qe5 32. Bxc4 Be7 33. Qg4 Rd8 34. Bxa6 1-0

[Event "HUN-chT2 Maroczy 1718"]
[Site "Hungary"]
[Date "2018.03.04"]
[Round "7.8"]
[White "Czegledi, Barna Jr"]
[Black "Erdos, Boglarka"]
[Result "1-0"]
[WhiteElo "2173"]
[BlackElo "2125"]
[PlyCount "77"]
[EventDate "2017.10.29"]
[EventType "team-tourn"]
[EventRounds "9"]
[EventCountry "HUN"]
[SourceTitle "EXT 2021"]
[Source "ChessBase"]
[SourceDate "2020.10.23"]
[SourceVersion "1"]
[SourceVersionDate "2020.10.23"]
[SourceQuality "1"]
[WhiteTeam "Budapest Vasas"]
[BlackTeam "Dunaharaszti II"]
[WhiteTeamCountry "HUN"]
[BlackTeamCountry "HUN"]

1. d4 d5 2. c4 c6 3. Nc3 Nf6 4. Bg5 e6 5. e3 Nbd7 6. cxd5 exd5 7. Bd3 Be7 8. Qc2 Nh5 9. Bxe7 Qxe7 10. Nge2 Ndf6 11. 0-0 0-0 12. Rab1 g6 13. b4 Ng7 14. b5 c5 15. dxc5 Qxc5 16. Rfd1 Be6 17. Nd4 Rac8 18. Rbc1 Ng4 19. Be2 Qd6 20. Bxg4 Bxg4 21. Rd2 Rc4 22. h3 Bd7 23. Qd1 Rfc8 24. Nce2 Qc5 25. Nb3 Rxc1 26. Nexc1 Qb6 27. a4 Be6 28. Nd3 Nf5 29. Nf4 Ne7 30. Nd4 Rc4 31. e4 dxe4 32. Ndxe6 fxe6 33. Rd8+ Kf7 34. Qd7 Rc1+ 35. Kh2 Rc7 36. Qe8+ Kf6 37. Qh8+ Kg5 38. Qe5+ Kh6 39. Nxe6 1-0

[Event "HUN-chT 1718"]
[Site "Hungary"]
[Date "2018.01.28"]
[Round "5.11"]
[White "Orso, Miklos"]
[Black "Erdos, Boglarka"]
[Result "1/2-1/2"]
[WhiteElo "2290"]
[BlackElo "2117"]
[PlyCount "51"]
[EventDate "2017.11.25"]
[EventType "team-tourn"]
[EventRounds "9"]
[EventCountry "HUN"]
[SourceTitle "EXT 2019"]
[Source "ChessBase"]
[SourceDate "2018.10.10"]
[SourceVersion "1"]
[SourceVersionDate "2018.10.10"]
[SourceQuality "1"]
[WhiteTeam "Aquaprofit"]
[BlackTeam "Dunaharaszti"]
[WhiteTeamCountry "HUN"]
[BlackTeamCountry "HUN"]

1. Nf3 d5 2. c4 c6 3. d4 Nf6 4. Nc3 e6 5. Bg5 h6 6. Bh4 dxc4 7. e4 g5 8. Bg3 b5 9. Be2 Bb7 10. 0-0 Nbd7 11. d5 Qb6 12. dxe6 fxe6 13. Nd4 e5 14. Bh5+ Ke7 15. Nf5+ Ke6 16. Ne3 Qc5 17. Bg4+ Ke7 18. Qf3 Kd8 19. Rfd1 Kc7 20. Bxd7 Nxd7 21. Rxd7+ Kxd7 22. Qf5+ Kc7 23. Bxe5+ Bd6 24. Bxd6+ Qxd6 25. Ned5+ Kb8 26. Ne3 1/2-1/2

[Event "HUN-chT 1718"]
[Site "Hungary"]
[Date "2017.12.17"]
[Round "4.11"]
[White "Erdos, Boglarka"]
[Black "Lakos, Nikoletta"]
[Result "1-0"]
[WhiteElo "2117"]
[BlackElo "2277"]
[PlyCount "79"]
[EventDate "2017.11.25"]
[EventType "team-tourn"]
[EventRounds "9"]
[EventCountry "HUN"]
[SourceTitle "EXT 2019"]
[Source "ChessBase"]
[SourceDate "2018.10.10"]
[SourceVersion "1"]
[SourceVersionDate "2018.10.10"]
[SourceQuality "1"]
[WhiteTeam "Dunaharaszti"]
[BlackTeam "HVSE Infraplan"]
[WhiteTeamCountry "HUN"]
[BlackTeamCountry "HUN"]

1. Nf3 d6 2. d4 Bg4 3. g3 Bxf3 4. exf3 c6 5. c3 e6 6. Bd3 Nd7 7. Qe2 Be7 8. Nd2 Ngf6 9. a4 0-0 10. 0-0 c5 11. dxc5 Nxc5 12. Bc2 d5 13. Rd1 Qc7 14. Nf1 h6 15. Be3 Bd6 16. a5 Rfe8 17. c4 Na6 18. cxd5 exd5 19. Bb3 Nb4 20. Qd2 Qe7 21. Bd4 Red8 22. Ne3 Bc5 23. Nf5 Qf8 24. Bxf6 gxf6 25. Nxh6+ Kh8 26. Qf4 Kh7 27. Nf5 Rd7 28. Qh4+ Kg6 29. Qg4+ Kh7 30. Qh5+ Kg8 31. Ra4 Re8 32. Nh6+ Kg7 33. Nf5+ Kg8 34. Nh6+ Kg7 35. Qg4+ Kxh6 36. Qxd7 Re2 37. Qh3+ Kg7 38. Qg4+ Kh8 39. Rxd5 Bxf2+ 40. Kf1 1-0

[Event "HUN-chT2 Maroczy 1718"]
[Site "Hungary"]
[Date "2017.10.29"]
[Round "1.9"]
[White "Koczo, Kristof"]
[Black "Erdos, Boglarka"]
[Result "0-1"]
[WhiteElo "2138"]
[BlackElo "2125"]
[PlyCount "68"]
[EventDate "2017.10.29"]
[EventType "team-tourn"]
[EventRounds "9"]
[EventCountry "HUN"]
[SourceTitle "EXT 2021"]
[Source "ChessBase"]
[SourceDate "2020.10.23"]
[SourceVersion "1"]
[SourceVersionDate "2020.10.23"]
[SourceQuality "1"]
[WhiteTeam "Budapest Kobanya II"]
[BlackTeam "Dunaharaszti II"]
[WhiteTeamCountry "HUN"]
[BlackTeamCountry "HUN"]

1. d4 d5 2. c4 c6 3. Nf3 Nf6 4. Nc3 e6 5. Bg5 h6 6. Bxf6 Qxf6 7. e3 Nd7 8. Bd3 dxc4 9. Bxc4 g6 10. 0-0 Bg7 11. Ne4 Qe7 12. Rb1 0-0 13. b4 e5 14. d5 cxd5 15. Bxd5 Nb6 16. Nd6 Bg4 17. e4 Nxd5 18. Qxd5 Rad8 19. Rbd1 Rd7 20. Qc5 Rfd8 21. Nxb7 Qxc5 22. Rxd7 Qb6 23. Rxd8+ Kh7 24. Nxe5 Bxe5 25. Rd5 Bd4 26. a3 Be2 27. Rd6 Qxb7 28. Rxd4 Bxf1 29. Kxf1 Qa6+ 30. Ke1 Qxa3 31. Ke2 Qb2+ 32. Ke3 Qc3+ 33. Rd3 Qxb4 34. h3 a5 0-1

[Event "Budapest FS10 IM"]
[Site "Budapest"]
[Date "2016.10.10"]
[Round "9"]
[White "Erdos, Boglarka"]
[Black "Havanecz, Bianka"]
[Result "0-1"]
[WhiteElo "2203"]
[BlackElo "2283"]
[PlyCount "80"]
[EventDate "2016.10.01"]
[EventType "tourn"]
[EventRounds "9"]
[EventCountry "HUN"]
[EventCategory "1"]
[SourceTitle "EXT 2017"]
[Source "ChessBase"]
[SourceDate "2016.10.25"]
[SourceVersion "1"]
[SourceVersionDate "2016.10.25"]
[SourceQuality "1"]

1. Nf3 d5 2. g3 g6 3. Bg2 Bg7 4. 0-0 e5 5. d3 Ne7 6. Nbd2 0-0 7. e4 d4 8. Nc4 Nd7 9. a4 Rb8 10. Bd2 a6 11. a5 Nc6 12. h3 Qe7 13. Nh2 b5 14. axb6 cxb6 15. f4 b5 16. Na5 Nxa5 17. Rxa5 exf4 18. gxf4 Bb7 19. f5 Ne5 20. Ng4 Nxg4 21. hxg4 Rbc8 22. Ra1 Be5 23. Rf3 Rc6 24. Rh3 Rfc8 25. Rc1 Qc7 26. Qe1 Rxc2 27. Rd1 gxf5 28. Qh4 f6 29. g5 Qg7 30. gxf6 Bxf6 31. Qf4 Be5 32. Qxf5 Rf8 33. Qe6+ Kh8 34. Rh5 Bf4 35. Rf5 Be3+ 36. Kf1 Rg8 37. Bh3 Qg1+ 38. Ke2 Qh2+ 39. Ke1 Rg1+ 40. Bf1 Bxd2+ 0-1

[Event "Budapest FS10 IM"]
[Site "Budapest"]
[Date "2016.10.09"]
[Round "8"]
[White "Estrada Nieto, Julian"]
[Black "Erdos, Boglarka"]
[Result "1/2-1/2"]
[WhiteElo "2272"]
[BlackElo "2203"]
[PlyCount "130"]
[EventDate "2016.10.01"]
[EventType "tourn"]
[EventRounds "9"]
[EventCountry "HUN"]
[EventCategory "1"]
[SourceTitle "EXT 2017"]
[Source "ChessBase"]
[SourceDate "2016.10.25"]
[SourceVersion "1"]
[SourceVersionDate "2016.10.25"]
[SourceQuality "1"]

1. e4 e5 2. Nf3 Nc6 3. Bb5 a6 4. Ba4 Nf6 5. 0-0 Be7 6. Re1 b5 7. Bb3 d6 8. c3 0-0 9. h3 Bb7 10. d4 Re8 11. Ng5 Rf8 12. Nf3 Re8 13. Nbd2 Bf8 14. d5 Na5 15. Bc2 c6 16. b4 Nc4 17. Nxc4 bxc4 18. dxc6 Bxc6 19. Bg5 h6 20. Bxf6 Qxf6 21. Ba4 Bxa4 22. Qxa4 d5 23. exd5 e4 24. Nd4 Bd6 25. Qc2 Qe5 26. g3 Qxd5 27. Rad1 Qh5 28. Kg2 Rad8 29. Qe2 Qd5 30. Nc2 Qc6 31. Nd4 Qd5 32. Nb3 Qf5 33. Na5 e3 34. Qf3 Qc2 35. Nb7 Bxg3 36. Rxd8 Rxd8 37. Nxd8 Bxf2 38. Re2 Qg6+ 39. Qg4 Qb1 40. Rxf2 exf2 41. Kxf2 Qc2+ 42. Qe2 Qxc3 43. Qe8+ Kh7 44. Nxf7 Qd2+ 45. Qe2 Qd4+ 46. Qe3 Qf6+ 47. Qf3 Qd4+ 48. Qe3 Qf6+ 49. Qf3 Qd4+ 50. Ke2 Qb2+ 51. Ke3 Qc3+ 52. Ke4 Qd2 53. Ne5 c3 54. Qd3 Kg8 55. Kd4 Qf4+ 56. Kd5 Qxb4 57. Qxa6 Qb2 58. Qc8+ Kh7 59. Qf5+ Kg8 60. Qf7+ Kh7 61. Qg6+ Kg8 62. Qe8+ Kh7 63. Qg6+ Kg8 64. Qe6+ Kh7 65. Qg6+ Kg8 1/2-1/2

[Event "Budapest FS10 IM"]
[Site "Budapest"]
[Date "2016.10.07"]
[Round "6"]
[White "Erdos, Boglarka"]
[Black "Vanhove, Koen"]
[Result "0-1"]
[WhiteElo "2203"]
[BlackElo "2099"]
[PlyCount "68"]
[EventDate "2016.10.01"]
[EventType "tourn"]
[EventRounds "9"]
[EventCountry "HUN"]
[EventCategory "1"]
[SourceTitle "EXT 2017"]
[Source "ChessBase"]
[SourceDate "2016.10.25"]
[SourceVersion "1"]
[SourceVersionDate "2016.10.25"]
[SourceQuality "1"]

1. Nf3 d6 2. g3 e5 3. d3 c6 4. Bg2 Nf6 5. 0-0 g6 6. c4 Bg7 7. Nc3 0-0 8. Rb1 a5 9. a3 Re8 10. b4 axb4 11. axb4 e4 12. Nxe4 Nxe4 13. dxe4 Rxe4 14. Nd2 Re8 15. Ne4 d5 16. cxd5 cxd5 17. Nc5 Nc6 18. Bxd5 Qe7 19. Be3 Bf5 20. Rb3 Red8 21. h4 Qe5 22. Bf4 Qxd5 23. Qxd5 Rxd5 24. e4 Rxc5 25. bxc5 Na5 26. Ra3 Bh3 27. Rd1 Bb2 28. Ra2 Bc3 29. Be3 Be6 30. Ra3 Bb4 31. Ra4 Bb3 32. Rxb4 Bxd1 33. Rb1 Ba4 34. Ra1 Nb3 0-1

[Event "Budapest FS10 IM"]
[Site "Budapest"]
[Date "2016.10.04"]
[Round "4"]
[White "Erdos, Boglarka"]
[Black "Chekletsov, Egor"]
[Result "0-1"]
[WhiteElo "2203"]
[BlackElo "2287"]
[PlyCount "80"]
[EventDate "2016.10.01"]
[EventType "tourn"]
[EventRounds "9"]
[EventCountry "HUN"]
[EventCategory "1"]
[SourceTitle "EXT 2017"]
[Source "ChessBase"]
[SourceDate "2016.10.25"]
[SourceVersion "1"]
[SourceVersionDate "2016.10.25"]
[SourceQuality "1"]

1. d4 Nf6 2. c4 e6 3. Nf3 c5 4. d5 exd5 5. cxd5 d6 6. Nc3 g6 7. Nd2 Na6 8. e4 Nc7 9. a4 b6 10. Be2 Bg7 11. 0-0 0-0 12. f3 Rb8 13. Nc4 Ba6 14. Na3 Bxe2 15. Qxe2 Re8 16. Qc2 a6 17. Nc4 b5 18. axb5 axb5 19. Na5 Qd7 20. Bf4 Ra8 21. Qd2 b4 22. Ne2 Ncxd5 23. exd5 Qb5 24. Ng3 Rxa5 25. Bxd6 Rxa1 26. Rxa1 Qb6 27. Bf4 c4+ 28. Kh1 c3 29. bxc3 bxc3 30. Qd3 Qb4 31. Bg5 Nd7 32. Rb1 Nc5 33. Qc2 Qb2 34. Qxb2 cxb2 35. Nf1 Ra8 36. Nd2 Bc3 37. h3 Bxd2 38. Bf6 Ra1 39. Rxa1 bxa1Q+ 40. Bxa1 Nd7 0-1